000 01067nam a22001817a 4500
999 _c61565
_d61565
005 20250206171931.0
008 240325c2013 ge ||||| |||| 00| 0 geo d
022 _a2233-3657
041 _ageo
245 _aთსუ მეცნიერება = TSU Science :
_bსამეცნიერო-პოპულარული ჟურნალი /
_cთსუ-ის საზოგადოებასთან ურთიერთობის სამსახური; რედაქტორი თამარ ხორბალაძე.
260 _aთბილისი,
_c
300 _aV.
653 _aსაზოგადოებასთან ურთიერთობის სამსახური
653 _aპერიოდიკა
700 _aხორბალაძე, თამარ
_eმთავარი რედაქტორი
_921573
710 _aთსუ–ის საზოგადოებასთან ურთიერთობის სამსახური
_921574
942 _2udc
_cCR